[Event "Deutsche Ländermeisterschaft 2023"]
[Site "Hannover GER"]
[Date "2023.10.05"]
[Round "7"]
[White "Petrovskiy, Vadim"]
[Black "Weishäutel, Moritz"]
[Result "1/2-1/2"]
[Termination "normal"]
[Board "4.1"]
[WhiteTitle "IM"]
[BlackTitle "FM"]
[WhiteElo "2413"]
[BlackElo "2403"]
[WhiteClock "01:26:33"]
[BlackClock "01:06:55"]
[WhiteTeam "Hessen"]
[BlackTeam "Thüringen"]
[PlyCount "40"]
[WhiteFideId "14165210"]
[BlackFideId "12967300"]
[EventCountry "GER"]
[EventRounds "7"]
[EventType "team-swiss"]
[EventDate "2023.09.30"]

1. e4 {[%clk 01:30:58]} {[%emt 00:00:01]} c5 {[%clk 01:30:57]} {[%emt
00:00:03]} 2. Nc3 {[%clk 01:31:23]} {[%emt 00:00:05]} Nc6 {[%clk 01:31:16]}
{[%emt 00:00:11]} 3. Nf3 {[%clk 01:31:31]} {[%emt 00:00:22]} e5 {[%clk
01:31:06]} {[%emt 00:00:40]} 4. Bc4 {[%clk 01:30:40]} {[%emt 00:01:21]} d6
{[%clk 01:31:12]} {[%emt 00:00:24]} 5. d3 {[%clk 01:30:50]} {[%emt 00:00:20]}
Be7 {[%clk 01:31:37]} {[%emt 00:00:06]} 6. a3 {[%clk 01:30:13]} {[%emt
00:01:07]} Nf6 {[%clk 01:31:17]} {[%emt 00:00:50]} 7. h3 {[%clk 01:28:44]}
{[%emt 00:01:59]} O-O {[%clk 01:31:06]} {[%emt 00:00:41]} 8. Nd5 {[%clk
01:28:32]} {[%emt 00:00:42]} Nxd5 {[%clk 01:28:14]} {[%emt 00:03:23]} 9. Bxd5
{[%clk 01:28:55]} {[%emt 00:00:07]} Be6 {[%clk 01:25:25]} {[%emt 00:03:19]} 10.
c4 {[%clk 01:27:03]} {[%emt 00:02:22]} Bxd5 {[%clk 01:24:26]} {[%emt 00:01:30]}
11. cxd5 {[%clk 01:27:20]} {[%emt 00:00:13]} Nd4 {[%clk 01:24:06]} {[%emt
00:00:50]} 12. Nxd4 {[%clk 01:27:43]} {[%emt 00:00:07]} cxd4 {[%clk 01:23:53]}
{[%emt 00:00:43]} 13. Qb3 {[%clk 01:27:52]} {[%emt 00:00:20]} Qc7 {[%clk
01:20:53]} {[%emt 00:03:30]} 14. Bd2 {[%clk 01:25:24]} {[%emt 00:02:59]} Rac8
{[%clk 01:20:46]} {[%emt 00:00:37]} 15. Kd1 {[%clk 01:24:32]} {[%emt 00:01:22]}
Qd7 {[%clk 01:18:15]} {[%emt 00:03:01]} 16. Ke2 {[%clk 01:24:49]} {[%emt
00:00:12]} f5 {[%clk 01:14:36]} {[%emt 00:04:09]} 17. Rac1 {[%clk 01:25:11]}
{[%emt 00:00:08]} fxe4 {[%clk 01:12:56]} {[%emt 00:02:11]} 18. dxe4 {[%clk
01:25:39]} {[%emt 00:00:01]} Rxc1 {[%clk 01:06:09]} {[%emt 00:07:17]} 19. Rxc1
{[%clk 01:26:08]} {[%emt 00:00:02]} Rc8 {[%clk 01:06:33]} {[%emt 00:00:06]} 20.
Rxc8+ {[%clk 01:26:33]} {[%emt 00:00:05]} Qxc8 {[%clk 01:06:55]} {[%emt
00:00:08]} 1/2-1/2

[Event "Deutsche Ländermeisterschaft 2023"]
[Site "Hannover GER"]
[Date "2023.10.05"]
[Round "7"]
[White "Müller, Magnus"]
[Black "Laux, Dominik"]
[Result "1-0"]
[Termination "normal"]
[Board "4.2"]
[BlackTitle "FM"]
[WhiteElo "2180"]
[BlackElo "2281"]
[WhiteClock "00:01:18"]
[BlackClock "00:08:38"]
[WhiteTeam "Thüringen"]
[BlackTeam "Hessen"]
[PlyCount "75"]
[WhiteFideId "16230060"]
[BlackFideId "12994219"]
[EventCountry "GER"]
[EventRounds "7"]
[EventType "team-swiss"]
[EventDate "2023.09.30"]

1. e4 {[%clk 01:29:54]} {[%emt 00:01:04]} c5 {[%clk 01:30:27]} {[%emt
00:00:34]} 2. Nf3 {[%clk 01:30:00]} {[%emt 00:00:24]} d6 {[%clk 01:30:08]}
{[%emt 00:00:50]} 3. d4 {[%clk 01:30:23]} {[%emt 00:00:06]} cxd4 {[%clk
01:30:33]} {[%emt 00:00:05]} 4. Nxd4 {[%clk 01:30:49]} {[%emt 00:00:05]} Nf6
{[%clk 01:30:58]} {[%emt 00:00:04]} 5. Nc3 {[%clk 01:31:14]} {[%emt 00:00:05]}
Nc6 {[%clk 01:31:13]} {[%emt 00:00:15]} 6. Bg5 {[%clk 01:31:07]} {[%emt
00:00:37]} Bd7 {[%clk 01:31:02]} {[%emt 00:00:42]} 7. Qd2 {[%clk 01:31:30]}
{[%emt 00:00:06]} a6 {[%clk 01:31:18]} {[%emt 00:00:15]} 8. O-O-O {[%clk
01:31:53]} {[%emt 00:00:06]} e6 {[%clk 01:31:42]} {[%emt 00:00:06]} 9. Kb1
{[%clk 01:32:17]} {[%emt 00:00:06]} Be7 {[%clk 01:29:30]} {[%emt 00:02:42]} 10.
Nxc6 {[%clk 01:29:38]} {[%emt 00:03:10]} Bxc6 {[%clk 01:29:46]} {[%emt
00:00:14]} 11. f3 {[%clk 01:30:03]} {[%emt 00:00:05]} b5 {[%clk 01:26:42]}
{[%emt 00:03:34]} 12. Be3 {[%clk 01:30:03]} {[%emt 00:00:30]} O-O {[%clk
01:23:19]} {[%emt 00:03:53]} 13. g4 {[%clk 01:28:51]} {[%emt 00:01:42]} Qb8
{[%clk 01:20:44]} {[%emt 00:03:06]} 14. Ne2 {[%clk 01:26:00]} {[%emt 00:03:20]}
Rc8 {[%clk 01:15:12]} {[%emt 00:06:03]} 15. Nd4 {[%clk 01:24:27]} {[%emt
00:02:03]} Bd7 {[%clk 01:08:36]} {[%emt 00:07:06]} 16. h4 {[%clk 01:21:51]}
{[%emt 00:03:06]} b4 {[%clk 01:03:25]} {[%emt 00:05:41]} 17. Bd3 {[%clk
01:06:23]} {[%emt 00:15:57]} a5 {[%clk 01:00:20]} {[%emt 00:03:34]} 18. h5
{[%clk 00:54:49]} {[%emt 00:12:04]} Ne8 {[%clk 00:57:48]} {[%emt 00:03:02]} 19.
g5 {[%clk 00:54:34]} {[%emt 00:00:46]} a4 {[%clk 00:54:17]} {[%emt 00:04:01]}
20. g6 {[%clk 00:48:53]} {[%emt 00:06:10]} Bf6 {[%clk 00:51:34]} {[%emt
00:03:14]} 21. Rdg1 {[%clk 00:33:44]} {[%emt 00:15:39]} Ra5 {[%clk 00:48:29]}
{[%emt 00:03:35]} 22. f4 {[%clk 00:32:05]} {[%emt 00:02:08]} e5 {[%clk
00:38:03]} {[%emt 00:10:56]} 23. fxe5 {[%clk 00:32:17]} {[%emt 00:00:18]} Rxe5
{[%clk 00:30:00]} {[%emt 00:08:33]} 24. Nf3 {[%clk 00:30:01]} {[%emt 00:02:46]}
Be6 {[%clk 00:27:02]} {[%emt 00:03:29]} 25. Bd4 {[%clk 00:24:43]} {[%emt
00:05:48]} Rec5 {[%clk 00:26:46]} {[%emt 00:00:45]} 26. gxf7+ {[%clk 00:22:13]}
{[%emt 00:03:00]} Bxf7 {[%clk 00:26:56]} {[%emt 00:00:20]} 27. Bxf6 {[%clk
00:21:45]} {[%emt 00:00:58]} Nxf6 {[%clk 00:27:19]} {[%emt 00:00:06]} 28. e5
{[%clk 00:19:38]} {[%emt 00:02:37]} dxe5 {[%clk 00:23:53]} {[%emt 00:03:56]}
29. Qh6 {[%clk 00:18:51]} {[%emt 00:01:16]} Kf8 {[%clk 00:23:37]} {[%emt
00:00:45]} 30. Rxg7 {[%clk 00:19:07]} {[%emt 00:00:15]} Qd6 {[%clk 00:18:41]}
{[%emt 00:05:27]} 31. Rxh7+ {[%clk 00:10:46]} {[%emt 00:08:50]} Ke8 {[%clk
00:13:37]} {[%emt 00:05:33]} 32. Rxf7 {[%clk 00:05:31]} {[%emt 00:05:47]} Kxf7
{[%clk 00:14:02]} {[%emt 00:00:05]} 33. Bg6+ {[%clk 00:02:57]} {[%emt
00:03:03]} Ke6 {[%clk 00:08:48]} {[%emt 00:05:45]} 34. Ng5+ {[%clk 00:01:35]}
{[%emt 00:01:53]} Kd7 {[%clk 00:09:06]} {[%emt 00:00:11]} 35. Bf5+ {[%clk
00:01:19]} {[%emt 00:00:46]} Kc7 {[%clk 00:09:17]} {[%emt 00:00:19]} 36. Bxc8
{[%clk 00:00:49]} {[%emt 00:01:00]} Kxc8 {[%clk 00:09:28]} {[%emt 00:00:18]}
37. Rf1 {[%clk 00:00:58]} {[%emt 00:00:21]} Qd2 {[%clk 00:08:38]} {[%emt
00:01:20]} 38. Qf8+ {[%clk 00:01:18]} {[%emt 00:00:10]} 1-0

[Event "Deutsche Ländermeisterschaft 2023"]
[Site "Hannover GER"]
[Date "2023.10.05"]
[Round "7"]
[White "Lesny, Florian"]
[Black "Bock, Marlon"]
[Result "1/2-1/2"]
[Termination "normal"]
[Board "4.3"]
[WhiteElo "2222"]
[BlackElo "1984"]
[WhiteClock "00:56:09"]
[BlackClock "01:30:05"]
[WhiteTeam "Hessen"]
[BlackTeam "Thüringen"]
[PlyCount "42"]
[WhiteFideId "12973874"]
[BlackFideId "16244931"]
[EventCountry "GER"]
[EventRounds "7"]
[EventType "team-swiss"]
[EventDate "2023.09.30"]

1. e4 {[%clk 01:30:58]} {[%emt 00:00:01]} c5 {[%clk 01:30:56]} {[%emt
00:00:04]} 2. Nf3 {[%clk 01:31:19]} {[%emt 00:00:10]} Nc6 {[%clk 01:31:21]}
{[%emt 00:00:05]} 3. d4 {[%clk 01:31:37]} {[%emt 00:00:11]} cxd4 {[%clk
01:31:47]} {[%emt 00:00:05]} 4. Nxd4 {[%clk 01:31:56]} {[%emt 00:00:10]} Nf6
{[%clk 01:32:12]} {[%emt 00:00:05]} 5. Nc3 {[%clk 01:32:12]} {[%emt 00:00:14]}
e5 {[%clk 01:32:38]} {[%emt 00:00:05]} 6. Ndb5 {[%clk 01:32:28]} {[%emt
00:00:13]} d6 {[%clk 01:33:01]} {[%emt 00:00:06]} 7. Bg5 {[%clk 01:32:44]}
{[%emt 00:00:14]} a6 {[%clk 01:33:27]} {[%emt 00:00:04]} 8. Na3 {[%clk
01:33:00]} {[%emt 00:00:15]} b5 {[%clk 01:33:51]} {[%emt 00:00:05]} 9. Nd5
{[%clk 01:33:14]} {[%emt 00:00:16]} Be7 {[%clk 01:34:15]} {[%emt 00:00:06]} 10.
Bxf6 {[%clk 01:33:30]} {[%emt 00:00:14]} Bxf6 {[%clk 01:34:39]} {[%emt
00:00:06]} 11. c3 {[%clk 01:32:19]} {[%emt 00:01:40]} Bg5 {[%clk 01:35:03]}
{[%emt 00:00:07]} 12. Nc2 {[%clk 01:32:31]} {[%emt 00:00:17]} Rb8 {[%clk
01:35:29]} {[%emt 00:00:05]} 13. a4 {[%clk 01:31:56]} {[%emt 00:01:05]} bxa4
{[%clk 01:35:54]} {[%emt 00:00:05]} 14. Ncb4 {[%clk 01:31:58]} {[%emt
00:00:28]} Nxb4 {[%clk 01:36:19]} {[%emt 00:00:05]} 15. cxb4 {[%clk 01:32:11]}
{[%emt 00:00:16]} O-O {[%clk 01:36:36]} {[%emt 00:00:14]} 16. Rxa4 {[%clk
01:30:47]} {[%emt 00:01:54]} a5 {[%clk 01:36:57]} {[%emt 00:00:09]} 17. h4
{[%clk 01:25:39]} {[%emt 00:05:37]} Bh6 {[%clk 01:37:13]} {[%emt 00:00:15]} 18.
b5 {[%clk 01:23:25]} {[%emt 00:02:43]} Kh8 {[%clk 01:37:38]} {[%emt 00:00:06]}
19. Be2 {[%clk 01:13:22]} {[%emt 00:10:33]} Be6 {[%clk 01:38:01]} {[%emt
00:00:07]} 20. g3 {[%clk 01:07:01]} {[%emt 00:06:51]} Rc8 {[%clk 01:35:01]}
{[%emt 00:03:29]} 21. O-O {[%clk 00:56:09]} {[%emt 00:11:23]} f5 {[%clk
01:30:05]} {[%emt 00:05:26]} 1/2-1/2

[Event "Deutsche Ländermeisterschaft 2023"]
[Site "Hannover GER"]
[Date "2023.10.05"]
[Round "7"]
[White "Aniol, Nico"]
[Black "Sydykov, Bayastan"]
[Result "0-1"]
[Termination "normal"]
[Board "4.4"]
[WhiteElo "1748"]
[BlackElo "2059"]
[WhiteClock "00:24:52"]
[BlackClock "00:07:04"]
[WhiteTeam "Thüringen"]
[BlackTeam "Hessen"]
[PlyCount "102"]
[WhiteFideId "16287096"]
[BlackFideId "13829610"]
[EventCountry "GER"]
[EventRounds "7"]
[EventType "team-swiss"]
[EventDate "2023.09.30"]

1. e4 {[%clk 01:30:58]} {[%emt 00:00:02]} e6 {[%clk 01:30:49]} {[%emt
00:00:11]} 2. d4 {[%clk 01:31:23]} {[%emt 00:00:04]} d5 {[%clk 01:31:07]}
{[%emt 00:00:12]} 3. e5 {[%clk 01:31:48]} {[%emt 00:00:05]} c5 {[%clk
01:31:20]} {[%emt 00:00:17]} 4. c3 {[%clk 01:32:14]} {[%emt 00:00:05]} Nc6
{[%clk 01:31:17]} {[%emt 00:00:33]} 5. Nf3 {[%clk 01:32:39]} {[%emt 00:00:04]}
Bd7 {[%clk 01:31:04]} {[%emt 00:00:43]} 6. Be2 {[%clk 01:33:04]} {[%emt
00:00:05]} f6 {[%clk 01:30:42]} {[%emt 00:00:53]} 7. O-O {[%clk 01:31:04]}
{[%emt 00:02:28]} fxe5 {[%clk 01:29:42]} {[%emt 00:01:31]} 8. Nxe5 {[%clk
01:30:55]} {[%emt 00:00:38]} Nxe5 {[%clk 01:28:21]} {[%emt 00:01:52]} 9. dxe5
{[%clk 01:31:21]} {[%emt 00:00:04]} g6 {[%clk 01:26:15]} {[%emt 00:02:36]} 10.
Be3 {[%clk 01:27:57]} {[%emt 00:03:54]} Qc7 {[%clk 01:24:58]} {[%emt 00:01:47]}
11. f4 {[%clk 01:27:18]} {[%emt 00:01:08]} Ne7 {[%clk 01:24:16]} {[%emt
00:01:13]} 12. Na3 {[%clk 01:23:41]} {[%emt 00:04:07]} a6 {[%clk 01:21:17]}
{[%emt 00:03:29]} 13. Nc2 {[%clk 01:21:11]} {[%emt 00:02:58]} Bg7 {[%clk
01:19:33]} {[%emt 00:02:16]} 14. a4 {[%clk 01:16:03]} {[%emt 00:05:38]} O-O
{[%clk 01:09:55]} {[%emt 00:10:07]} 15. b4 {[%clk 01:14:52]} {[%emt 00:01:41]}
cxb4 {[%clk 01:03:59]} {[%emt 00:06:26]} 16. cxb4 {[%clk 01:15:16]} {[%emt
00:00:06]} Nf5 {[%clk 01:01:16]} {[%emt 00:03:13]} 17. Bc5 {[%clk 01:14:05]}
{[%emt 00:01:40]} Rf7 {[%clk 01:00:11]} {[%emt 00:01:36]} 18. a5 {[%clk
01:03:31]} {[%emt 00:11:04]} Rc8 {[%clk 00:58:40]} {[%emt 00:02:01]} 19. Bd3
{[%clk 00:52:42]} {[%emt 00:11:18]} Bf8 {[%clk 00:54:11]} {[%emt 00:04:59]} 20.
Bb6 {[%clk 00:46:29]} {[%emt 00:06:43]} Qb8 {[%clk 00:45:04]} {[%emt 00:09:38]}
21. Qd2 {[%clk 00:42:48]} {[%emt 00:04:10]} Bh6 {[%clk 00:41:04]} {[%emt
00:04:30]} 22. Rae1 {[%clk 00:39:15]} {[%emt 00:04:03]} Ne7 {[%clk 00:33:50]}
{[%emt 00:07:44]} 23. Nd4 {[%clk 00:30:32]} {[%emt 00:09:13]} Nc6 {[%clk
00:30:39]} {[%emt 00:03:41]} 24. Nxc6 {[%clk 00:28:16]} {[%emt 00:02:45]} Bxc6
{[%clk 00:30:24]} {[%emt 00:00:45]} 25. Qe3 {[%clk 00:25:41]} {[%emt 00:03:04]}
Rcf8 {[%clk 00:26:04]} {[%emt 00:04:51]} 26. g3 {[%clk 00:25:40]} {[%emt
00:00:30]} Qc8 {[%clk 00:25:10]} {[%emt 00:01:25]} 27. h4 {[%clk 00:21:56]}
{[%emt 00:04:14]} Qd7 {[%clk 00:24:06]} {[%emt 00:01:34]} 28. Rc1 {[%clk
00:19:52]} {[%emt 00:02:33]} d4 {[%clk 00:15:17]} {[%emt 00:09:20]} 29. Qf2
{[%clk 00:17:20]} {[%emt 00:03:02]} Qd5 {[%clk 00:15:13]} {[%emt 00:00:34]} 30.
Qh2 {[%clk 00:15:51]} {[%emt 00:01:59]} Bxf4 {[%clk 00:10:25]} {[%emt
00:05:18]} 31. gxf4 {[%clk 00:16:15]} {[%emt 00:00:06]} Rxf4 {[%clk 00:10:47]}
{[%emt 00:00:08]} 32. Rxf4 {[%clk 00:14:33]} {[%emt 00:02:12]} Rxf4 {[%clk
00:11:15]} {[%emt 00:00:02]} 33. Rxc6 {[%clk 00:12:55]} {[%emt 00:02:08]} Rg4+
{[%clk 00:11:39]} {[%emt 00:00:06]} 34. Kf2 {[%clk 00:13:08]} {[%emt 00:00:17]}
Qxc6 {[%clk 00:11:44]} {[%emt 00:00:25]} 35. Qh3 {[%clk 00:09:36]} {[%emt
00:04:02]} Rf4+ {[%clk 00:11:27]} {[%emt 00:00:48]} 36. Ke2 {[%clk 00:09:53]}
{[%emt 00:00:13]} Qd5 {[%clk 00:11:25]} {[%emt 00:00:33]} 37. Qg3 {[%clk
00:10:16]} {[%emt 00:00:06]} Qxe5+ {[%clk 00:11:08]} {[%emt 00:00:48]} 38. Kd2
{[%clk 00:10:20]} {[%emt 00:00:25]} Qf6 {[%clk 00:09:16]} {[%emt 00:02:23]} 39.
h5 {[%clk 00:09:38]} {[%emt 00:01:12]} g5 {[%clk 00:08:40]} {[%emt 00:01:06]}
40. Bc7 {[%clk 00:07:33]} {[%emt 00:02:34]} e5 {[%clk 00:00:54]} {[%emt
00:08:17]} 41. Be2 {[%clk 00:05:12]} {[%emt 00:02:51]} Qe7 {[%clk 00:27:33]}
{[%emt 00:03:51]} 42. Qb3+ {[%clk 00:35:26]} {[%emt 00:00:16]} Kg7 {[%clk
00:27:46]} {[%emt 00:00:17]} 43. Bb6 {[%clk 00:33:43]} {[%emt 00:02:13]} Qd6
{[%clk 00:24:20]} {[%emt 00:03:56]} 44. Bc5 {[%clk 00:32:09]} {[%emt 00:02:03]}
Qc6 {[%clk 00:23:42]} {[%emt 00:01:08]} 45. h6+ {[%clk 00:31:27]} {[%emt
00:01:12]} Kxh6 {[%clk 00:18:39]} {[%emt 00:05:34]} 46. Qg8 {[%clk 00:31:35]}
{[%emt 00:00:22]} Qf6 {[%clk 00:18:23]} {[%emt 00:00:46]} 47. Qe8 {[%clk
00:29:56]} {[%emt 00:02:08]} g4 {[%clk 00:16:21]} {[%emt 00:02:32]} 48. Be7
{[%clk 00:28:52]} {[%emt 00:01:34]} Qf7 {[%clk 00:14:43]} {[%emt 00:02:08]} 49.
Qd7 {[%clk 00:28:53]} {[%emt 00:00:27]} Kg7 {[%clk 00:08:02]} {[%emt 00:07:13]}
50. Qd6 {[%clk 00:27:52]} {[%emt 00:01:31]} Re4 {[%clk 00:07:24]} {[%emt
00:01:07]} 51. Ke1 {[%clk 00:24:52]} {[%emt 00:03:30]} Qf3 {[%clk 00:07:04]}
{[%emt 00:00:50]} 0-1

[Event "Deutsche Ländermeisterschaft 2023"]
[Site "Hannover GER"]
[Date "2023.10.05"]
[Round "7"]
[White "Buchholz, Maja Patricia"]
[Black "Reuter, Elisa"]
[Result "1/2-1/2"]
[Termination "normal"]
[Board "4.5"]
[BlackTitle "WCM"]
[WhiteElo "1858"]
[BlackElo "1869"]
[WhiteClock "00:19:41"]
[BlackClock "00:07:28"]
[WhiteTeam "Hessen"]
[BlackTeam "Thüringen"]
[PlyCount "120"]
[WhiteFideId "16200500"]
[BlackFideId "12995444"]
[EventCountry "GER"]
[EventRounds "7"]
[EventType "team-swiss"]
[EventDate "2023.09.30"]

1. Nf3 {[%clk 01:30:56]} {[%emt 00:00:03]} Nf6 {[%clk 01:30:49]} {[%emt
00:00:11]} 2. g3 {[%clk 01:30:54]} {[%emt 00:00:32]} g6 {[%clk 01:31:14]}
{[%emt 00:00:05]} 3. Bg2 {[%clk 01:31:15]} {[%emt 00:00:09]} Bg7 {[%clk
01:31:10]} {[%emt 00:00:34]} 4. c4 {[%clk 01:30:14]} {[%emt 00:01:31]} c6
{[%clk 01:27:04]} {[%emt 00:04:37]} 5. O-O {[%clk 01:28:11]} {[%emt 00:02:33]}
O-O {[%clk 01:27:21]} {[%emt 00:00:13]} 6. d4 {[%clk 01:22:19]} {[%emt
00:06:22]} d5 {[%clk 01:27:45]} {[%emt 00:00:07]} 7. Re1 {[%clk 01:17:05]}
{[%emt 00:05:45]} h6 {[%clk 01:24:31]} {[%emt 00:03:44]} 8. Nbd2 {[%clk
00:59:37]} {[%emt 00:17:57]} Be6 {[%clk 01:20:03]} {[%emt 00:04:58]} 9. b3
{[%clk 00:55:51]} {[%emt 00:04:17]} Nbd7 {[%clk 01:18:52]} {[%emt 00:01:40]}
10. Bb2 {[%clk 00:54:33]} {[%emt 00:01:48]} a5 {[%clk 01:10:22]} {[%emt
00:09:00]} 11. Rc1 {[%clk 00:49:55]} {[%emt 00:05:08]} a4 {[%clk 01:07:16]}
{[%emt 00:03:37]} 12. Bc3 {[%clk 00:42:00]} {[%emt 00:08:25]} axb3 {[%clk
00:56:57]} {[%emt 00:10:49]} 13. axb3 {[%clk 00:42:28]} {[%emt 00:00:02]} Qb6
{[%clk 00:51:43]} {[%emt 00:05:43]} 14. Qc2 {[%clk 00:37:26]} {[%emt 00:05:33]}
Bf5 {[%clk 00:47:11]} {[%emt 00:05:02]} 15. Qb2 {[%clk 00:37:17]} {[%emt
00:00:39]} Ne4 {[%clk 00:45:39]} {[%emt 00:02:02]} 16. c5 {[%clk 00:29:19]}
{[%emt 00:08:28]} Qc7 {[%clk 00:45:24]} {[%emt 00:00:44]} 17. Nh4 {[%clk
00:26:19]} {[%emt 00:03:31]} Nxc3 {[%clk 00:43:59]} {[%emt 00:01:54]} 18. Nxf5
{[%clk 00:26:47]} {[%emt 00:00:03]} gxf5 {[%clk 00:44:04]} {[%emt 00:00:25]}
19. Qxc3 {[%clk 00:26:53]} {[%emt 00:00:23]} Nf6 {[%clk 00:42:48]} {[%emt
00:01:46]} 20. Nf3 {[%clk 00:24:07]} {[%emt 00:03:16]} Ra2 {[%clk 00:39:24]}
{[%emt 00:03:54]} 21. b4 {[%clk 00:17:18]} {[%emt 00:07:19]} Ne4 {[%clk
00:39:24]} {[%emt 00:00:31]} 22. Qb3 {[%clk 00:16:42]} {[%emt 00:01:06]} Rfa8
{[%clk 00:39:03]} {[%emt 00:00:51]} 23. Rc2 {[%clk 00:16:19]} {[%emt 00:00:53]}
R2a3 {[%clk 00:31:28]} {[%emt 00:08:05]} 24. Qb2 {[%clk 00:15:15]} {[%emt
00:01:34]} Qb8 {[%clk 00:28:01]} {[%emt 00:03:58]} 25. b5 {[%clk 00:12:27]}
{[%emt 00:03:18]} Qa7 {[%clk 00:26:52]} {[%emt 00:01:39]} 26. bxc6 {[%clk
00:12:19]} {[%emt 00:00:39]} bxc6 {[%clk 00:27:16]} {[%emt 00:00:05]} 27. Qb6
{[%clk 00:10:52]} {[%emt 00:01:57]} Qa4 {[%clk 00:26:27]} {[%emt 00:01:19]} 28.
Rb2 {[%clk 00:10:50]} {[%emt 00:00:32]} Bxd4 {[%clk 00:24:37]} {[%emt
00:02:21]} 29. Nxd4 {[%clk 00:11:05]} {[%emt 00:00:14]} Qxd4 {[%clk 00:25:03]}
{[%emt 00:00:04]} 30. Bxe4 {[%clk 00:10:31]} {[%emt 00:01:04]} fxe4 {[%clk
00:24:39]} {[%emt 00:00:54]} 31. Reb1 {[%clk 00:09:12]} {[%emt 00:01:49]} R3a6
{[%clk 00:20:54]} {[%emt 00:04:15]} 32. Qc7 {[%clk 00:07:49]} {[%emt 00:01:53]}
Ra1 {[%clk 00:13:02]} {[%emt 00:08:22]} 33. Kg2 {[%clk 00:07:58]} {[%emt
00:00:22]} Rxb1 {[%clk 00:12:03]} {[%emt 00:01:28]} 34. Rxb1 {[%clk 00:08:21]}
{[%emt 00:00:07]} Qxc5 {[%clk 00:06:51]} {[%emt 00:05:42]} 35. Rb6 {[%clk
00:07:58]} {[%emt 00:00:53]} Qc4 {[%clk 00:03:03]} {[%emt 00:04:19]} 36. Rxc6
{[%clk 00:04:28]} {[%emt 00:04:00]} Qxe2 {[%clk 00:03:24]} {[%emt 00:00:09]}
37. Qxe7 {[%clk 00:04:01]} {[%emt 00:00:56]} Qf3+ {[%clk 00:03:10]} {[%emt
00:00:44]} 38. Kh3 {[%clk 00:04:30]} Qf5+ {[%clk 00:03:09]} {[%emt 00:00:32]}
39. Kh4 {[%clk 00:02:09]} {[%emt 00:02:51]} Qxf2 {[%clk 00:01:53]} {[%emt
00:01:46]} 40. h3 {[%clk 00:00:54]} {[%emt 00:01:46]} Qd4 {[%clk 00:01:09]}
{[%emt 00:01:14]} 41. Rf6 {[%clk 00:24:38]} {[%emt 00:06:46]} Ra7 {[%clk
00:22:18]} {[%emt 00:09:21]} 42. Qe8+ {[%clk 00:22:16]} {[%emt 00:02:52]} Kg7
{[%clk 00:21:41]} {[%emt 00:01:07]} 43. Rf4 {[%clk 00:21:59]} {[%emt 00:00:46]}
Kh7 {[%clk 00:19:50]} {[%emt 00:02:22]} 44. Rxf7+ {[%clk 00:21:06]} {[%emt
00:01:24]} Rxf7 {[%clk 00:20:15]} {[%emt 00:00:05]} 45. Qxf7+ {[%clk 00:21:31]}
{[%emt 00:00:04]} Qg7 {[%clk 00:20:07]} {[%emt 00:00:37]} 46. Qf5+ {[%clk
00:21:56]} {[%emt 00:00:05]} Kh8 {[%clk 00:19:22]} {[%emt 00:01:16]} 47. Qxd5
{[%clk 00:20:35]} {[%emt 00:01:51]} Qf6+ {[%clk 00:16:34]} {[%emt 00:03:48]}
48. Kg4 {[%clk 00:19:15]} {[%emt 00:02:19]} Qf3+ {[%clk 00:16:09]} {[%emt
00:00:55]} 49. Kh4 {[%clk 00:19:42]} {[%emt 00:00:04]} Qf6+ {[%clk 00:12:13]}
{[%emt 00:04:26]} 50. Kg4 {[%clk 00:19:55]} {[%emt 00:00:16]} Qf3+ {[%clk
00:05:38]} {[%emt 00:07:05]} 51. Kh4 {[%clk 00:20:20]} {[%emt 00:00:05]} Kg7
{[%clk 00:06:05]} {[%emt 00:00:02]} 52. Qd7+ {[%clk 00:18:00]} {[%emt
00:02:49]} Kg6 {[%clk 00:06:09]} {[%emt 00:00:27]} 53. Qe6+ {[%clk 00:17:56]}
{[%emt 00:00:34]} Qf6+ {[%clk 00:06:19]} {[%emt 00:00:21]} 54. Qxf6+ {[%clk
00:18:22]} {[%emt 00:00:04]} Kxf6 {[%clk 00:06:46]} {[%emt 00:00:03]} 55. g4
{[%clk 00:18:45]} {[%emt 00:00:07]} Kg6 {[%clk 00:05:33]} {[%emt 00:01:43]} 56.
Kg3 {[%clk 00:18:51]} {[%emt 00:00:24]} h5 {[%clk 00:05:47]} {[%emt 00:00:17]}
57. Kf4 {[%clk 00:18:45]} {[%emt 00:00:36]} hxg4 {[%clk 00:06:12]} {[%emt
00:00:05]} 58. hxg4 {[%clk 00:19:09]} {[%emt 00:00:06]} Kf6 {[%clk 00:06:35]}
{[%emt 00:00:07]} 59. Kxe4 {[%clk 00:19:31]} {[%emt 00:00:09]} Kg6 {[%clk
00:07:03]} {[%emt 00:00:02]} 60. Kf4 {[%clk 00:19:41]} {[%emt 00:00:20]} Kf6
{[%clk 00:07:28]} {[%emt 00:00:05]} 1/2-1/2